Music Quiz

Random Music or Clip Quiz

Seemingly Usual Music Clip Quiz...? Stats

 Plays Quiz not verified by Sporcle

Support Sporcle.
Go Orange.
Score 0/100 Timer 20:00
0 Plays Today
# Song % Correct
0:04I Will Survive
92.9%
0:24Piano Man
87%
6:32Bohemian Rhapsody
81.8%
4:00Royals
80.6%
1:20Barbie Girl
80.5%
0:12Wannabe
79.7%
4:04Mrs. Robinson
78.8%
5:40Boulevard of Broken Dreams
76.4%
0:16Since U Been Gone
74.8%
0:00Crazy in Love
74.2%
3:08Like a Virgin
73.2%
0:08All of Me
72.2%
1:52Loser
70.8%
0:32Wake Me Up
70.3%
2:36Someone Like You
68.4%
2:12Chandelier
67%
0:44When Doves Cry
66.5%
1:36Jessie's Girl
66.4%
2:48Feel Good Inc.
63.7%
1:08Come As You Are
63.7%
1:48Johnny B. Goode
63.1%
3:20You Give Love a Bad Name
62.7%
4:36Sex on Fire
61.8%
1:24Jack and Diane
61.1%
0:40You Spin Me Round (Like a Record)
60.6%
2:16Bad
60.6%
5:08Fame
60.4%
1:16Hooked on a Feeling
60.1%
2:52Raise Your Glass
59.4%
3:52Bleeding Love
58.6%
4:16Love Song
58.4%
5:24Shape of You
57.1%
5:32You're So Vain
56.5%
0:20She Drives Me Crazy
56.1%
# Song % Correct
2:04I Ran (So Far Away)
55.2%
1:12Sugar
55.1%
4:56Champagne Supernova
54.2%
1:04Orinoco Flow (Sail Away)
53.5%
0:52Suspicious Minds
52.8%
4:28Ex's & Oh's
52%
4:32Sunshine of Your Love
50.5%
5:04Rebel Rebel
49.5%
1:40Keep On Loving You
48.9%
2:56Pour Some Sugar on Me
48.8%
3:32Hero
48.4%
2:24Demons
46.8%
1:28Problem
45.8%
0:36All By Myself
43.6%
6:08Shiny Happy People
42.2%
4:52Speed of Sound
41.5%
2:00Marry You
41.4%
5:16OMG
41.1%
3:40Lean On
40.4%
6:36Free Bird
40.2%
1:56Me and Bobby McGee
38.9%
5:56Supermassive Black Hole
38.9%
3:00Summer
37.8%
6:24November Rain
36.7%
5:48Misery Business
36.3%
2:40Black Dog (Live)
36%
4:12Rock You Like a Hurricane
35.3%
4:08Closer
35.1%
5:00Angel
33.3%
6:16If I Had $1000000
32.4%
3:24Land of Confusion
32.4%
0:48Common People
30.4%
0:28Here
29.9%
5:44Poison
28.5%
# Song % Correct
4:24Where Have You Been
26.8%
4:44Spoonman
26.7%
3:36Cold As Ice
25.2%
2:44Bailamos
24.6%
2:20Hold On We're Going Home
23.3%
3:28In My Head
23.3%
2:28Boom Clap
23%
1:44Walking on Broken Glass
21.2%
2:08Keep Holding On
21.2%
4:20Call Me When You're Sober
21.1%
5:20Smile
21.1%
3:44Million Reasons
20.5%
4:48Dangerous
19.9%
3:12Jealous Guy
19.7%
3:48Second Chance
18.7%
6:28Shine On You Crazy Diamond
17.3%
3:56Mama I'm Coming Home
15.9%
6:04Have You Ever Really Loved a Woman
15.9%
0:56Somewhere I Belong
15.5%
4:40Sunshine Superman
15.2%
3:04Holiday in Cambodia
12.8%
3:16Good Girl
12.7%
1:00Dead!
11.6%
5:12Welcome Home
10.3%
5:36Girls Chase Boys
10.3%
1:32Dreaming of You
9.5%
6:12Your Move/I've Seen All Good People
8.9%
6:20A New Day Has Come
8.5%
2:32Hollywood
7.7%
6:00Raining Blood
7.4%
5:52Scream
4.1%
5:28You Should Know Where I'm Coming From
1.3%

You're not logged in!

Compare scores with friends on all Sporcle quizzes.
OR
Log In

From the Vault

Most BCS Appearances

by ks99

We'd like to explain the criteria that the BCS uses for appearances and rankings, but by the time we finish the criteria would have changed.
Remove Ads.
Support Sporcle.
Get the best of Sporcle when you Go Orange. This ad-free experience offers more features, more stats, and more fun while also helping to support Sporcle. Thank you for becoming a member.

Show Comments

Extras

Top Quizzes Today


Score Distribution

Your Account Isn't Verified!

In order to create a playlist on Sporcle, you need to verify the email address you used during registration. Go to your Sporcle Settings to finish the process.

Report this User

Report this user for behavior that violates our Community Guidelines.

Details: